000 00728nam a22002297a 4500
005 20170124110021.0
010 _aA-853471
020 _a0074631608
_c00.00
035 _aA-853471
037 _bCen Lib/Ret
040 _aDPL
_bEN
082 _a334.68371
_bHER
100 _aHeredia, Ruth
_919855
245 _aAmul india story /
_cby Ruth Heredia
260 _aNew Delhi
_bTata McGraw-Hill Publishing Company
_c1997
270 _a4/12 asaf ali road
_bNew Delhi
_e110002
300 _axv, 297p. ;
_c21cm(Hb)
_bill.
500 _aincludes bibliographical references and appendix
650 _aStory
_zRural India
_919856
650 _aCooperative movement
_919857
942 _2ddc
_cEN
_h334.68371
_mHER
999 _c127228
_d127228